Computer Organization: (Record no. 195390)

MARC details
000 -LEADER
fixed length control field 00554nam a22001817a 4500
005 - DATE AND TIME OF LATEST TRANSACTION
control field 20230324155807.0
010 ## - LCCN (DPL NO)
LC control number ENG-136485
020 ## - INTERNATIONAL STANDARD BOOK NUMBER
International Standard Book Number 9788190804097
Terms of availability 150.00
035 ## - SYSTEM CONTROL NUMBER
System control number EN-120017
037 ## - SOURCE OF ACQUISITION
Source of stock number/acquisition DBAD/PUB
082 ## - DEWEY DECIMAL CLASSIFICATION NUMBER
Classification number 004.22
100 ## - MAIN ENTRY--PERSONAL NAME
Personal name Agarwal, Pankaj
245 ## - TITLE STATEMENT
Title Computer Organization:
Statement of responsibility, etc Pankaj Agarwal
260 ## - PUBLICATION, DISTRIBUTION, ETC. (IMPRINT)
Place of publication, distribution, etc New Delhi
Name of publisher, distributor, etc Vayu Education of India
Date of publication, distribution, etc 2009
270 ## - ADDRESS
Address 2/25, Ansari Road, Darya Ganj
City New Delhi
Postal code 110002
Electronic mail address vei@veiindia.com
300 ## - PHYSICAL DESCRIPTION
Extent v, 174p.;
Other physical details index
Dimensions 24cm(pbk)
942 ## - ADDED ENTRY ELEMENTS (KOHA)
Source of classification or shelving scheme Dewey Decimal Classification
Item type English Books
Classification part 004.22
Call number suffix AGA
Holdings
Withdrawn status Lost status Not for loan Collection code Home library Current library Date acquired Source of acquisition Cost, normal purchase price Full call number Barcode Copy number Cost, replacement price Koha item type
      Non-fiction Shahdara Branch Shahdara Branch 24/03/2023 DBAD/PUB 150.00 004.22 AGA EN-120017 1 150.00 English Books

© Delhi Public Library
Hit Counter
free hit counter